000 00906nmc a2200337 a 4500
003 AR-BaBNM
005 20251128204243.0
008 011101s1991 ||||||||||||||000 | spa||
020 _a84-277-0974-9
040 _cAR-BaBNM
100 1 _aFernándes, Evaristo
245 1 0 _aPsicopedagogía de la adolescencia
260 _aMadrid
_bNarcea
_c1991
300 _a207 p.
490 0 _aEducación hoy. Estudios
500 _aIndice temático: p. 203-206
500 _aIndice de autores
504 _aBibliografía: p. 193-201
650 4 _aPSICOLOGIA DE LA EDUCACION
650 4 _aADOLESCENTES
650 4 _aPSICOLOGIA DEL ADOLESCENTE
650 4 _aRELACION ALUMNO-DOCENTE
650 4 _aDROGAS
650 4 _aDROGADICCION
650 4 _aPROBLEMAS SOCIALES
650 4 _aPROCESOS PSICOPEDAGOGICOS
650 4 _aAPRENDIZAJE
653 _aPSICOPEDAGOGIA
942 _cBK
998 _carturo
999 _c6728
_d6728